G20 Leaders Since 2000 - Statistics

General Stats
  • This quiz has been taken 33 times
    2 since last reset
  • The average score is 80 of 114
Answer Stats
Country Answer % Correct
Argentina Alberto Fernández
100%
Mexico Andrés Manuel López Obrador
100%
Germany Angela Merkel
100%
Australia Anthony Albanese
100%
United States Barack Obama
100%
United States Bill Clinton
100%
United Kingdom Boris Johnson
100%
Mexico Claudia Sheinbaum
100%
Argentina Cristina Fernández de Kirchner
100%
South Africa Cyril Ramaphosa
100%
United Kingdom David Cameron
100%
Brazil Dilma Rousseff
100%
United States Donald Trump
100%
France Emmanuel Macron
100%
France François Hollande
100%
Germany Friedrich Merz
100%
United States George W Bush
100%
Italy Giorgia Meloni
100%
Italy Giuseppe Conte
100%
United Kingdom Gordon Brown
100%
France Jacques Chirac
100%
Brazil Jair Bolsonaro
100%
Argentina Javier Milei
100%
United States Joe Biden
100%
Australia Julia Gillard
100%
Canada Justin Trudeau
100%
United Kingdom Keir Starmer
100%
South Korea Lee Jae Myung
100%
South Korea Lee Myung-bak
100%
United Kingdom Liz Truss
100%
Brazil Luiz Inácio Lula da Silva
100%
India Manmohan Singh
100%
Italy Mario Draghi
100%
Canada Mark Carney
100%
Argentina Mauricio Macri
100%
India Narendra Modi
100%
Argentina Néstor Kirchner
100%
France Nicolas Sarkozy
100%
Germany Olaf Scholz
100%
Turkey Recep Tayyip Erdoğan
100%
United Kingdom Rishi Sunak
100%
Japan Sanae Takaichi
100%
Australia Scott Morrison
100%
Japan Shinzo Abe
100%
Italy Silvio Berlusconi
100%
Canada Stephen Harper
100%
United Kingdom Theresa May
100%
United Kingdom Tony Blair
100%
European Union Ursula von der Leyen
100%
Russia Vladimir Putin
100%
China Xi Jinping
100%
Japan Yoshihide Suga
100%
Saudi Arabia Abdullah
50%
Turkey Abdullah Gül
50%
Indonesia Abdurrahman Wahid
50%
India Atal Bihari Vajpayee
50%
African Union Azali Assoumani
50%
Turkey Binali Yıldırım
50%
Turkey Bülent Ecevit
50%
Russia Dmitry Medvedev
50%
Italy Enrico Letta
50%
Mexico Enrique Peña Nieto
50%
Saudi Arabia Fahd
50%
Mexico Felipe Calderón
50%
Argentina Fernando de la Rúa
50%
Brazil Fernando Henrique Cardoso
50%
Japan Fumio Kishida
50%
Germany Gerhard Schröder
50%
Italy Giuliano Amato
50%
China Hu Jintao
50%
South Africa Jacob Zuma
50%
Canada Jean Chrétien
50%
European Union Jean-Claude Juncker
50%
China Jiang Zemin
50%
African Union João Lourenço
50%
Australia John Howard
50%
Indonesia Joko Widodo
50%
European Union José Manuel Barroso
50%
Japan Junichiro Koizumi
50%
Japan Keizō Obuchi
50%
Australia Kevin Rudd
50%
South Korea Kim Dae-jung
50%
Australia Malcolm Turnbull
50%
Italy Mario Monti
50%
Italy Massimo D'Alema
50%
Italy Matteo Renzi
50%
Brazil Michel Temer
50%
African Union Mohamed Ould Ghazouani
50%
South Korea Moon Jae-in
50%
Japan Naoto Kan
50%
Italy Paolo Gentiloni
50%
South Korea Park Geun-hye
50%
Canada Paul Martin
50%
Indonesia Prabowo Subianto
50%
South Korea Roh Moo-hyun
50%
European Union | Italy Romano Prodi
50%
Saudi Arabia Salman
50%
Japan Shigeru Ishiba
50%
Indonesia Susilo Bambang Yudhoyono
50%
Japan Tarō Asō
50%
South Africa Thabo Mbeki
50%
Australia Tony Abbott
50%
Mexico Vicente Fox
50%
South Korea Yoon Suk Yeol
50%
Japan Yoshihiko Noda
50%
Japan Yoshirō Mori
50%
Japan Yukio Hatoyama
50%
Turkey Ahmet Davutoğlu
0%
Mexico Ernesto Zedillo
0%
African Union Évariste Ndayishimiye
0%
South Africa Kgalema Motlanthe
0%
Indonesia Megawati Sukarnoputri
0%
Japan Yasuo Fukuda
0%
No matching quizzes found
Score Distribution
Percent of People with Each Score
Percentile by Number Answered
Your Score History
You have not taken this quiz since the last reset